000 00482nam a2200181Ia 4500
001 13281
005 20260306163042.0
008 260306t2009||||xx |||||||||||||| ||spa||
041 _aESP
082 _a001.42
_bI63
100 _aBonilla Castro, Elssy
_eAUT
245 0 _aLa investigación:
_baproximaciones a la construcción del conocimiento científico
260 _c2009
300 _a439 páginas :
_c23 cm.
650 _aGEN
654 _aCHU
942 _cLIB
_dJUS
_fJUS
_2ddc
_n
999 _c13281
_d13281